• 首页
  • 本馆介绍
  • 公告通知
  • 最新文献
  • 馆藏检索
  • 电子资源
  • 读者导购
  • 参考咨询
  • 我的图书馆
  • 登录
  • 详细信息显示
  • 放入我的书架
  • 预约/预借图书
  • 作者相关作品
  • 分类相关作品
  • 丛书相关作品
  • 出版社相关作品

书目信息

  • 表格格式
  • 工作单格式
  • 卡片格式
题名:
波斯文学故事集
    
 
作者: 扎赫拉·恒拉里
分册:  
出版信息: 山西   山西人民出版社  1984
页数: 355页
开本: 20cm
丛书名:
单 册:
中图分类: I37.22
科图分类:
主题词: 文学
电子资源:
ISBN:
000 00514nam0 2200181 450
001 0728815141
005 20070819080015.14
010    @d¥1.15
100    @a20070819d km y0chiy0120 ea
101 0  @achi
200 1  @a波斯文学故事集@Abo si wen xue gu shi ji@f扎赫拉.恒拉里@Fzha he la.heng la li
210    @a山西@c山西人民出版社@d1984
215    @a355页@d20cm
606 0  @a文学
690    @aI37.22@v3
701  0 @a扎赫拉·恒拉里@Azha he la·heng la li
801  0 @aCN@bPFT@c20070819
905    @a213230@dI37.22@eZW34@f1
    
    波斯文学故事集/扎赫拉.恒拉里.-山西:山西人民出版社,1984
    355页;20cm
    
    
    ISBN :¥1.15
    
●
相关链接 在E读中查询图书 在五车中查询图书 在当当中查询图书 在豆瓣中查询图书


正题名:波斯文学故事集     索取号:I37.22/ZW34         预约/预借

序号 登录号 条形码 馆藏地/架位号 状态 备注
1 7602597   276025971   密集书库-资源管理系/ [索取号:I37.22/ZW34] 在馆    
2 7602598   276025980   密集书库-资源管理系/ [索取号:I37.22/ZW34] 在馆    
唐山师范学院图书馆 欢迎您!
大连网信软件有限公司© 版权所有